Logo BPK

Biblioteka

Politechniki Koszalińskiej

Electric probes in stationary and flowing plasmas : (Rekord nr 27387)

Szczegóły MARC
000 -ETYKIETA REKORDU
podpole kontrolne o stałej długości 00488nam a2200169 i 4500
001 - NUMER KONTROLNY REKORDU
pole kontrolne bg
040 ## - ŹRÓDŁO KATALOGOWANIA
Instytucja, która utworzyła rekord BPK
041 ## - KOD JĘZYKA
Kod języka tekstu pol
080 ## - UNIWERSALNA KLASYFIKACJA DZIESIĘTNA - UKD
UKD 621.382:533.9
008 - POLE O STAŁEJ DŁUGOŚCI - DANE KONTROLNE
podpole kontrolne o stałej długości s pl f |000 0 pol
100 1# - NAZWA OSOBOWA
Nazwa osobowa CHUNG, Paul M.
245 #0 - TYTUŁ/ODPOWIEDZIALNOŚĆ
Tytuł Electric probes in stationary and flowing plasmas :
Ciąg dalszy tytułu theory and application /
Pozostałe elementy strefy tytułu i oznaczenia odpowiedzialności Paul M. Chung, Lawrence Talbot, Kenell J. Touryan.
260 ## - STREFA ADRESU WYDAWNICZEGO
Miejsce wydania Berlin,
Data publikacji, dystrybucji/powstania dokumentu 1975.
700 1# - HASŁO DODATKOWE - NAZWA OSOBOWA
Nazwa osobowa TALBOT, Lawrence
700 1# - HASŁO DODATKOWE - NAZWA OSOBOWA
Nazwa osobowa TOURYAN, Kenell J.
856 ## - LOKALIZACJA I DOSTĘP DO ELEKTRONICZNYCH DOKUMENTÓW ZDALNYCH
Link (URL) http://koha.tu.koszalin.pl/cgi-bin/koha/opac-detail.pl?biblionumber=27387
Tekst linku Katalog online BPK
942 ## - DODATKOWE ELEMENTY (KOHA)
Typ dokumentu Książka
Egzemplarze
Wycofany Status egzemplarza Uszkodzony Dostępność Lokalizacja stała Lokalizacja bieżąca Miejsce przechowywania Sygnatura Kod kreskowy Typ dokumentu
      Dostępny Biblioteka Politechniki Koszalińskiej Biblioteka Politechniki Koszalińskiej Wypożyczalnia BG 21036 01695144 Książka
© 2023 Biblioteka Politechniki Koszalińskiej :: KOHA